[Event "Montreal Mercredi 05"]
[Site "Montreal"]
[Date "2012.05.23"]
[Round "2"]
[White "Munshi, Shawkat"]
[Black "English, Michel"]
[Result "1-0"]
[WhiteElo "1546"]
[BlackElo "1622"]
[PlyCount "63"]
[EventDate "2012.05.16"]
[EventType "swiss"]
[EventRounds "5"]
[EventCountry "CAN"]
[SourceTitle "EXT 2022"]
[Source "ChessBase"]
[SourceDate "2021.10.06"]
[SourceVersion "1"]
[SourceVersionDate "2021.10.06"]
[SourceQuality "1"]

1. Nf3 d5 2. e3 Nf6 3. b3 g6 4. Bb2 Bg7 5. d4 0-0 6. Be2 b6 7. 0-0 Bb7 8. Nbd2 Nbd7 9. c4 e6 10. Rc1 c5 11. dxc5 Nxc5 12. cxd5 Bxd5 13. Ba3 Re8 14. Bxc5 bxc5 15. Rxc5 Nd7 16. Rc2 Qb6 17. Bc4 Bb7 18. Qe2 Rac8 19. Rfc1 Ne5 20. Nxe5 Bxe5 21. Nf3 Bg7 22. h3 Rc7 23. Rd1 Rec8 24. Rcd2 Rc5 25. Rd6 Qa5 26. a4 Bxf3 27. Qxf3 Rf5 28. Qb7 Rf8 29. Rd7 Rh5 30. Bxe6 Qg5 31. Rxf7 Rxf7 32. Qxf7+ 1-0

[Event "Montreal Pere Noel"]
[Site "Montreal"]
[Date "1986.12.30"]
[Round "5"]
[White "English, Michel"]
[Black "Morin, Louis"]
[Result "0-1"]
[WhiteElo "1615"]
[BlackElo "1825"]
[PlyCount "56"]
[EventDate "1986.12.26"]
[EventType "swiss"]
[EventRounds "5"]
[EventCountry "CAN"]
[SourceTitle "EXT 2022"]
[Source "ChessBase"]
[SourceDate "2021.10.06"]
[SourceVersion "1"]
[SourceVersionDate "2021.10.06"]
[SourceQuality "1"]

1. d4 Nf6 2. c4 e6 3. g3 d5 4. Bg2 c5 5. Nf3 Nc6 6. cxd5 exd5 7. Bg5 h6 8. Bf4 Bd6 9. Bxd6 Qxd6 10. Nc3 0-0 11. Nb5 Qe7 12. 0-0 Re8 13. dxc5 a6 14. Nd6 Rd8 15. e3 Bg4 16. h3 Bxf3 17. Bxf3 b6 18. Bxd5 bxc5 19. Bxc6 Rxd6 20. Qa4 Rb8 21. Bg2 Rxb2 22. Rab1 Qe5 23. Rfc1 Rxf2 24. Kxf2 Rd2+ 25. Kg1 Qxe3+ 26. Kh2 Ne4 27. Rf1 Qxg3+ 28. Kh1 Qxg2# 0-1